000 00819nam a2200277Ia 4500
003 OSt
005 20221005080115.0
006 a|||||r|||| 00| 0
007 ta
008 221004b |||||||| |||| 00| 0 eng d
024 _a36783
037 _cTextual
040 _aCRL
_cCRL
_beng
041 _2eng
_aeng
082 _aNW0aD65,45.53'N9, N1
100 _aKermabon Jacques Ed.
_9610268
245 0 _aCinema and television
_b Fifty years of reflection in France
260 _aNew Delhi
_bOrient Longman
_c1991
300 _aix, 256p
_ccm.
650 _a ENGINEERING
650 _a MOTION PICTURES
_927571
650 _aARTS
700 _a Shahani Kumar Ed.
_9610269
942 _hNW0aD65,45.53'N9, N1
_cTEXL
_2cc
999 _c985673
_d985673